[Event "Campeonato Brasileiro Amador 2016 U2000"]
[Site "Esporte Clube Pinheiros"]
[Date "2016.05.28"]
[Round "6.8"]
[White "Peixoto, Helio Ricardo Soutin"]
[Black "Bail, Ellen Larissa"]
[Result "1-0"]
[WhiteElo "1913"]
[BlackElo "1851"]
[PlyCount "39"]
[EventDate "2016.05.26"]

1. e4 c5 2. Nf3 d6 3. d4 cxd4 4. Nxd4 Nf6 5. Nc3 g6 6. Be3 Bg7 7. f3 Nbd7 8.
Bc4 Ne5 9. Bb3 Bd7 10. Qd2 h5 11. O-O-O Rc8 12. Kb1 a6 13. h3 b5 14. g4 Nc4 15.
Bxc4 bxc4 16. g5 Nh7 17. f4 O-O 18. f5 Bc6 19. fxg6 fxg6 20. Nxc6 1-0

[Event "Campeonato Brasileiro Amador 2016 U2000"]
[Site "Esporte Clube Pinheiros"]
[Date "2016.05.28"]
[Round "6.9"]
[White "Caceres, Elton Carlos"]
[Black "Nicolini, Paulo Giovanni De A"]
[Result "0-1"]
[WhiteElo "1854"]
[BlackElo "1943"]
[PlyCount "60"]
[EventDate "2016.05.26"]

1. e4 e6 2. g3 d5 3. exd5 exd5 4. Bg2 c6 5. d4 Bd6 6. Ne2 Bg4 7. h3 Bh5 8. g4
Bg6 9. Bf4 h5 10. Bxd6 Qxd6 11. gxh5 Bxh5 12. Qd2 Na6 13. c3 O-O-O 14. Nf4 Re8+
15. Kf1 Nf6 16. Nxh5 Nxh5 17. Na3 Qf6 18. Kg1 Nf4 19. Re1 Qg5 20. Rxe8+ Rxe8
21. Rh2 Nxh3+ 22. Rxh3 Qxd2 23. c4 Re1+ 24. Kh2 Qxf2 25. cxd5 Qf4+ 26. Rg3 Re3
27. Bh3+ Kd8 28. dxc6 Qxg3+ 29. Kh1 Re1+ 30. Bf1 Rxf1# 0-1

[Event "Campeonato Brasileiro Amador 2016 U2000"]
[Site "Esporte Clube Pinheiros"]
[Date "2016.05.28"]
[Round "6.10"]
[White "Silva, Vinicius Parente"]
[Black "Deste, Dayan Kuhn"]
[Result "0-1"]
[WhiteElo "1874"]
[BlackElo "1966"]
[PlyCount "62"]
[EventDate "2016.05.26"]

1. e4 c5 2. Nc3 e6 3. g3 d5 4. exd5 exd5 5. d4 Be6 6. Nf3 h6 7. Bg2 Nf6 8. O-O
Nc6 9. Ne2 c4 10. Nf4 Bg4 11. Re1+ Be7 12. c3 O-O 13. h3 Bf5 14. Ne5 Rc8 15. g4
Bh7 16. Nxd5 Nxd5 17. Bxd5 Qxd5 18. Nxc6 Rxc6 19. Rxe7 f5 20. Re5 Qd8 21. Be3
Rg6 22. Qf3 fxg4 23. Qd5+ Qxd5 24. Rxd5 g3 25. f4 Rb6 26. Re5 Rxb2 27. d5 Bf5
28. h4 Bg4 29. Re7 Bf3 30. Bd4 Rf7 31. Rae1 Rxe7 0-1

[Event "Campeonato Brasileiro Amador 2016 U2000"]
[Site "Esporte Clube Pinheiros"]
[Date "2016.05.28"]
[Round "6.11"]
[White "Dos Reis, Leandro Aparecido C"]
[Black "Nascimento, Pedro Henrique Alve"]
[Result "1-0"]
[WhiteElo "1953"]
[BlackElo "1872"]
[PlyCount "133"]
[EventDate "2016.05.26"]

1. d4 e6 2. e4 d5 3. Nc3 Bb4 4. Qg4 Nf6 5. Qxg7 Rg8 6. Qh6 Rg6 7. Qh4 Nxe4 8.
Qxd8+ Kxd8 9. Nge2 Nc6 10. a3 Nxc3 11. bxc3 Ba5 12. Bd2 Bd7 13. Nf4 Rg7 14. Nd3
Ke7 15. Nc5 b6 16. Nxd7 Kxd7 17. g3 a6 18. O-O-O b5 19. Bd3 f5 20. h4 Rgg8 21.
Rhg1 Bb6 22. f3 h5 23. Kb1 Na5 24. Bg5 c5 25. Be2 cxd4 26. cxd4 Nc4 27. Ka2 Bd8
28. f4 Rh8 29. a4 Nd6 30. Kb3 Rc8 31. axb5 axb5 32. Ra1 Bb6 33. Bf6 Rh7 34. Ra6
Kc6 35. Bd3 Rf7 36. Be5 Nc4 37. c3 Rg8 38. Be2 Rh7 39. Bf6 Rf8 40. Bg5 Rb8 41.
Re1 Re8 42. Kb4 Rhh8 43. Bxc4 bxc4 44. Bd8 Rxd8 45. Rxe6+ Kc7 46. Raxb6 Rb8 47.
Rxb8 Rxb8+ 48. Kc5 Rg8 49. Re7+ Kd8 50. Re3 Kd7 51. Kxd5 Rc8 52. Re5 Rg8 53.
Kxc4 Rxg3 54. Rxf5 Rg4 55. Rxh5 Rxf4 56. Kd5 Rf7 57. c4 Rg7 58. c5 Kc7 59. Rg5
Rd7+ 60. Kc4 Rh7 61. h5 Kb7 62. Kb5 Kc7 63. d5 Kd7 64. d6 Rh8 65. Rg7+ Ke6 66.
d7 Kf6 67. Rh7 1-0

[Event "Campeonato Brasileiro Amador 2016 U2000"]
[Site "Esporte Clube Pinheiros"]
[Date "2016.05.28"]
[Round "6.12"]
[White "Farias, Jose Nogueira De"]
[Black "De Almeida, Guilherme Pereira"]
[Result "1/2-1/2"]
[WhiteElo "1941"]
[BlackElo "1838"]
[PlyCount "102"]
[EventDate "2016.05.26"]

1. e4 d6 2. d4 Nf6 3. Nc3 g6 4. Nf3 Bg7 5. Bc4 O-O 6. h3 c6 7. a4 Nxe4 8. Nxe4
d5 9. Bd3 dxe4 10. Bxe4 Nd7 11. O-O e5 12. c3 Qc7 13. dxe5 Nxe5 14. Bf4 Nxf3+
15. Qxf3 Be5 16. Bxe5 Qxe5 17. Rfe1 Qc7 18. a5 a6 19. h4 h5 20. Qf6 Qd8 21.
Qxd8 Rxd8 22. Rad1 Be6 23. Bc2 Kf8 24. Rxd8+ Rxd8 25. Bxg6 Bg4 26. Bb1 Rd2 27.
b4 Kg7 28. f3 Be6 29. Kh2 Kf6 30. Kg3 Rb2 31. Be4 Rd2 32. Re3 Rd8 33. f4 Bd5
34. Bxd5 Rxd5 35. Kf3 c5 36. g4 hxg4+ 37. Kxg4 cxb4 38. cxb4 Rd4 39. Rb3 Rd5
40. h5 Rb5 41. Rb2 Kg7 42. Rb3 Kh6 43. Rb2 Rxh5 44. f5 Rh1 45. b5 axb5 46. Rxb5
Ra1 47. Rxb7 Rxa5 48. Rxf7 Ra4+ 49. Kf3 Kg5 50. Ke3 Rh4 51. Rf8 Ra4 1/2-1/2

[Event "Campeonato Brasileiro Amador 2016 U2000"]
[Site "Esporte Clube Pinheiros"]
[Date "2016.05.28"]
[Round "6.13"]
[White "De Arruda Filho, Nivaldo Jesus"]
[Black "Bonvini, Alberto Tonhati"]
[Result "1-0"]
[WhiteElo "1937"]
[BlackElo "1871"]
[PlyCount "85"]
[EventDate "2016.05.26"]

1. e4 e5 2. Nf3 Nc6 3. d4 exd4 4. Nxd4 Qf6 5. Nxc6 Bc5 6. Qf3 Qxc6 7. Nc3 Ne7
8. Bd3 O-O 9. Bd2 Ng6 10. Qe2 a6 11. O-O-O d6 12. f4 b5 13. Nd5 Qd7 14. f5 Ne5
15. f6 Re8 16. Ne7+ Rxe7 17. fxe7 Qxe7 18. h3 Be6 19. Kb1 Bb6 20. Bc3 Ng6 21.
e5 Nxe5 22. Qe4 Qe8 23. Qxh7+ Kf8 24. Bxe5 dxe5 25. Qh8+ Ke7 26. Qxg7 Rd8 27.
Rhf1 Qc6 28. Qf6+ Ke8 29. Bxb5 Qd7 30. Bxd7+ Rxd7 31. Rxd7 Kxd7 32. Rd1+ Kc8
33. Qxe5 Kb7 34. h4 a5 35. h5 a4 36. h6 a3 37. bxa3 Ka7 38. h7 Kb7 39. h8=Q Ka7
40. Qe4 Ka6 41. Qha8+ Ba7 42. Qab7+ Ka5 43. Qeb4# 1-0

[Event "Campeonato Brasileiro Amador 2016 U2000"]
[Site "Esporte Clube Pinheiros"]
[Date "2016.05.28"]
[Round "6.14"]
[White "Filgueiras, Nathan Felipe"]
[Black "Dias, Joao Batista"]
[Result "1/2-1/2"]
[WhiteElo "1838"]
[BlackElo "1921"]
[PlyCount "49"]
[EventDate "2016.05.26"]

1. e4 g6 2. d4 Bg7 3. Nc3 d6 4. Be3 Nc6 5. f3 e5 6. Nge2 Nge7 7. Qd2 O-O 8.
O-O-O a6 9. g4 b5 10. d5 b4 11. Na4 Na5 12. Qxb4 c5 13. Qb6 Qxb6 14. Nxb6 Rb8
15. Nxc8 Rfxc8 16. Ng3 c4 17. c3 Rc7 18. Kc2 Nc8 19. Be2 Nb6 20. Bxb6 Rxb6 21.
Rb1 Bh6 22. b3 cxb3+ 23. axb3 Be3 24. b4 Nb7 25. Kd3 1/2-1/2

[Event "Campeonato Brasileiro Amador 2016 U2000"]
[Site "Esporte Clube Pinheiros"]
[Date "2016.05.28"]
[Round "6.15"]
[White "Hara, Aroldo Hiroiuqui"]
[Black "Duailibe, Ricardo Miguel"]
[Result "1/2-1/2"]
[WhiteElo "1822"]
[BlackElo "1900"]
[PlyCount "44"]
[EventDate "2016.05.26"]

1. d4 Nf6 2. Nf3 c5 3. e3 cxd4 4. exd4 g6 5. Be2 Bg7 6. O-O O-O 7. c3 d6 8. h3
Nbd7 9. Bf4 b6 10. Qc1 Bb7 11. Bh6 Rc8 12. Bxg7 Kxg7 13. Nbd2 e5 14. dxe5 dxe5
15. Re1 Re8 16. Qc2 Nc5 17. Bb5 Ncd7 18. Rad1 Qc7 19. Ng5 a6 20. Bxd7 Nxd7 21.
Nde4 h6 22. Nf3 Re6 1/2-1/2

[Event "Campeonato Brasileiro Amador 2016 U2000"]
[Site "Esporte Clube Pinheiros"]
[Date "2016.05.28"]
[Round "6.16"]
[White "Casarin, Luis Marcio Pinhatti"]
[Black "Leon Lopes, Sergio Amadeus"]
[Result "1/2-1/2"]
[WhiteElo "1819"]
[BlackElo "1885"]
[PlyCount "66"]
[EventDate "2016.05.26"]

1. c4 Nf6 2. Nc3 c5 3. Nf3 Nc6 4. e3 g6 5. Be2 Bg7 6. O-O O-O 7. d4 cxd4 8.
Nxd4 Nxd4 9. Qxd4 d6 10. Nd5 Be6 11. Nf4 Bd7 12. Qd1 Bc6 13. Rb1 a5 14. Nd5 e6
15. Nxf6+ Bxf6 16. b3 d5 17. Bb2 Bxb2 18. Rxb2 dxc4 19. Bxc4 Qg5 20. f4 Qc5 21.
Kf2 Qf5 22. Be2 e5 23. Bg4 Qf6 24. Kg1 exf4 25. Rd2 Bb5 26. Rxf4 Qe5 27. Rf3
Bc6 28. Rg3 Qc5 29. Rc2 Qb6 30. Qd4 Qxd4 31. exd4 Rfd8 32. Rd2 Rd6 33. Bf3 Rad8
1/2-1/2

[Event "Campeonato Brasileiro Amador 2016 U2000"]
[Site "Esporte Clube Pinheiros"]
[Date "2016.05.28"]
[Round "6.17"]
[White "Lunelli, Neuri Antonio"]
[Black "Pimentel, Rafael Favarin G"]
[Result "0-1"]
[WhiteElo "1800"]
[BlackElo "1963"]
[PlyCount "94"]
[EventDate "2016.05.26"]

1. d4 Nf6 2. Nf3 g6 3. g3 Bg7 4. Bg2 O-O 5. c4 d6 6. O-O Nc6 7. Nc3 e5 8. dxe5
Nxe5 9. Nxe5 dxe5 10. Qb3 c6 11. Bg5 Qb6 12. Qc2 Bf5 13. e4 Be6 14. Na4 Qa6 15.
Nc5 Qxc4 16. Qxc4 Bxc4 17. Rfc1 Be6 18. Nxb7 Rab8 19. Nc5 Rxb2 20. Nxe6 fxe6
21. Rxc6 Re8 22. Ra6 Re7 23. Be3 Rbb7 24. f3 Ne8 25. Bh3 Kf7 26. Bc5 Nc7 27.
Rxa7 Rxa7 28. Bxa7 Nb5 29. Be3 Nd4 30. Bxd4 exd4 31. Rd1 Ra7 32. Rd2 Ra3 33. f4
e5 34. fxe5 Bh6 35. Rb2 Be3+ 36. Kf1 d3 37. Rb7+ Ke8 38. Be6 Rc3 39. Rb1 Rc2
40. Rd1 Rf2+ 41. Ke1 d2+ 42. Rxd2 Rxd2 43. h3 Rb2 44. Bd5 Bf2+ 45. Kd1 Bxg3 46.
a4 Bxe5 47. Kc1 Rh2 0-1

[Event "Campeonato Brasileiro Amador 2016 U2000"]
[Site "Esporte Clube Pinheiros"]
[Date "2016.05.28"]
[Round "6.18"]
[White "Desideri, Ricardo Maruchi"]
[Black "Ribeiro, Allysson"]
[Result "1-0"]
[WhiteElo "1950"]
[BlackElo "1814"]
[PlyCount "105"]
[EventDate "2016.05.26"]

1. e4 c5 2. Nf3 g6 3. d4 cxd4 4. Nxd4 Nc6 5. c4 Bg7 6. Be3 Nf6 7. Nc3 O-O 8. f3
Qb6 9. a3 Ne8 10. Na4 Qa5+ 11. b4 Qe5 12. Nc2 d6 13. b5 Na5 14. Bd4 Qg5 15. Be3
Qh5 16. Nd4 e5 17. Ne2 Be6 18. Ng3 Qh4 19. Rc1 b6 20. Be2 Qe7 21. O-O h5 22.
Nc3 Nxc4 23. Bxc4 Bxc4 24. Nd5 Bxd5 25. Qxd5 Nc7 26. Qc6 Ne6 27. Ne2 Nd4 28.
Bxd4 exd4 29. Rfd1 Qe6 30. Qd5 Qxd5 31. exd5 Rfc8 32. Rc6 Re8 33. Nxd4 Re3 34.
Nc2 Re2 35. Kf1 Rae8 36. Re1 Rxe1+ 37. Nxe1 Bb2 38. Rxd6 Bxa3 39. Rd7 Re7 40.
Rd8+ Kg7 41. Nd3 Kf6 42. f4 Rb7 43. Ne5 Be7 44. Rc8 Bd6 45. Rc6 Ke7 46. Rc8
Bxe5 47. fxe5 Rd7 48. d6+ Ke6 49. Re8+ Kd5 50. Re7 Rd8 51. d7 f6 52. e6 Kd6 53.
Re8 1-0

[Event "Campeonato Brasileiro Amador 2016 U2000"]
[Site "Esporte Clube Pinheiros"]
[Date "2016.05.28"]
[Round "6.19"]
[White "Sa, Antonio Villar Marq"]
[Black "Aoyama, Edmundo"]
[Result "0-1"]
[WhiteElo "1933"]
[BlackElo "1797"]
[PlyCount "72"]
[EventDate "2016.05.26"]

1. e4 d6 2. d4 Nf6 3. Nc3 g6 4. f4 c6 5. Nf3 Bg7 6. h3 b5 7. a3 a6 8. Be3 O-O
9. Qd2 Qc7 10. g4 c5 11. g5 b4 12. axb4 cxb4 13. gxf6 bxc3 14. bxc3 exf6 15.
Bd3 Bb7 16. Kf2 Nd7 17. f5 Rfe8 18. Rhb1 Bxe4 19. fxg6 hxg6 20. Bxa6 Bxf3 21.
Kxf3 Nb6 22. Qd3 Nd5 23. Bd2 Ne7 24. c4 Reb8 25. Bb5 Nf5 26. Bf4 Bh6 27. Qe4
Rxa1 28. Rxa1 Bxf4 29. Qxf4 Rxb5 30. cxb5 Qc3+ 31. Kg2 Qxa1 32. d5 Qb2 33. Qa4
Qe5 34. Qb3 Qe2+ 35. Kg1 Ne3 36. Qd3 Qg2# 0-1

[Event "Campeonato Brasileiro Amador 2016 U2000"]
[Site "Esporte Clube Pinheiros"]
[Date "2016.05.28"]
[Round "6.20"]
[White "Serafim Junior, Arnor"]
[Black "Felix, Raimundo Nascimento"]
[Result "0-1"]
[WhiteElo "1868"]
[BlackElo "1930"]
[PlyCount "72"]
[EventDate "2016.05.26"]

1. Nf3 Nf6 2. g3 d5 3. Bg2 Bf5 4. O-O h6 5. d3 Nbd7 6. Nbd2 e5 7. Nh4 Bh7 8. e4
c6 9. Qe1 Bd6 10. a3 a5 11. b3 O-O 12. Bb2 Re8 13. Bh3 Bf8 14. Nf5 Qc7 15. Rc1
Rad8 16. c4 d4 17. Qe2 Nc5 18. Rb1 Ne6 19. Bc1 Ng5 20. Bg2 Qd7 21. g4 g6 22. h4
Ne6 23. Nxh6+ Bxh6 24. g5 Nxg5 25. hxg5 Bxg5 26. b4 axb4 27. axb4 Ra8 28. Nf3
Bxc1 29. Rfxc1 Qg4 30. b5 Nh5 31. Nxd4 Qg5 32. Nf3 Qg4 33. bxc6 bxc6 34. Nd4
Qg5 35. Nxc6 Re6 36. Rb8+ Rxb8 0-1

[Event "Campeonato Brasileiro Amador 2016 U2000"]
[Site "Esporte Clube Pinheiros"]
[Date "2016.05.28"]
[Round "6.22"]
[White "Grillo, Carlos Henrique Gom"]
[Black "Baba, Renato"]
[Result "1-0"]
[WhiteElo "1942"]
[BlackElo "1858"]
[PlyCount "129"]
[EventDate "2016.05.26"]

1. d4 d5 2. Nf3 Nf6 3. Bf4 c5 4. c3 Nc6 5. e3 Bf5 6. a4 c4 7. b3 Qb6 8. Nbd2
cxb3 9. Qxb3 Qxb3 10. Nxb3 Ne4 11. Bd3 e6 12. Rc1 Be7 13. Nfd2 Nxf2 14. Bxf5
Nxh1 15. Bd3 Bh4+ 16. g3 Nxg3 17. Bxg3 Bxg3+ 18. hxg3 e5 19. Nc5 b6 20. Bb5 Rc8
21. Nd3 f6 22. Nb4 Kd7 23. Bxc6+ Rxc6 24. Nxc6 Kxc6 25. Ke2 Kd6 26. Nf3 Rc8 27.
Kd2 Rc4 28. Ra1 h5 29. Kc2 Ke6 30. Nd2 Rc8 31. Rh1 exd4 32. exd4 Rh8 33. c4
dxc4 34. Nxc4 g5 35. Kd3 h4 36. Re1+ Kd7 37. gxh4 Rxh4 38. Rf1 Ke6 39. Ne3 Rh3
40. d5+ Ke7 41. Rc1 Kd7 42. Rc4 f5 43. Kd4 Rh4+ 44. Ke5 f4 45. Nf5 Rh1 46. d6
f3 47. Rc7+ Kd8 48. Rf7 f2 49. Ne3 Re1 50. Kd4 Re2 51. Kd3 Ra2 52. Ng4 Ra3+ 53.
Ke2 Ra2+ 54. Ke3 Rxa4 55. Nxf2 Ra3+ 56. Kd4 Ra4+ 57. Kd5 Rf4 58. Rxf4 gxf4 59.
Kc6 a5 60. d7 f3 61. Ne4 a4 62. Ng5 f2 63. Ne6+ Ke7 64. d8=Q+ Kxe6 65. Qe8+ 1-0

[Event "Campeonato Brasileiro Amador 2016 U2000"]
[Site "Esporte Clube Pinheiros"]
[Date "2016.05.28"]
[Round "6.24"]
[White "Teshima, Ricardo Yoshida"]
[Black "Reboucas, Deive Pacheco"]
[Result "0-1"]
[WhiteElo "1813"]
[BlackElo "1882"]
[PlyCount "52"]
[EventDate "2016.05.26"]

1. e4 a6 2. d4 b5 3. Bd3 Bb7 4. Nf3 Nf6 5. Qe2 e6 6. Bg5 Be7 7. O-O d5 8. Nbd2
dxe4 9. Nxe4 Nbd7 10. Nxf6+ Nxf6 11. c3 O-O 12. Rfe1 Nd5 13. Qe4 g6 14. Qh4 Bf6
15. Be4 Bxg5 16. Nxg5 h5 17. g4 f5 18. Bxd5 Qxd5 19. f3 fxg4 20. Rxe6 Qf5 21.
fxg4 Qc2 22. Qg3 h4 23. Rxg6+ Qxg6 24. Qxh4 Rae8 25. Rd1 Re2 26. d5 Bxd5 0-1

[Event "Campeonato Brasileiro Amador 2016 U2000"]
[Site "Esporte Clube Pinheiros"]
[Date "2016.05.28"]
[Round "6.25"]
[White "Hoshino, Karen"]
[Black "Aparecido Silva, Haroldo"]
[Result "1-0"]
[WhiteElo "1744"]
[BlackElo "1865"]
[PlyCount "63"]
[EventDate "2016.05.26"]

1. d4 Nf6 2. c4 e6 3. Nf3 b6 4. e3 Bb7 5. Bd3 Bb4+ 6. Bd2 Be7 7. Nc3 d6 8. e4
Nbd7 9. O-O e5 10. d5 Nc5 11. Bc2 O-O 12. b4 Na6 13. Na4 Rc8 14. Rb1 Nb8 15. h3
c6 16. Bd3 Nbd7 17. Qb3 cxd5 18. cxd5 Bxd5 19. exd5 e4 20. Nd4 exd3 21. Nc6 Qe8
22. Rfe1 Rxc6 23. dxc6 Ne5 24. b5 Qd8 25. f4 Ng6 26. Qxd3 d5 27. f5 Nh8 28.
Rxe7 Qxe7 29. Bb4 Qc7 30. Bxf8 Kxf8 31. Nc3 g6 32. Rd1 1-0

[Event "Campeonato Brasileiro Amador 2016 U2000"]
[Site "Esporte Clube Pinheiros"]
[Date "2016.05.28"]
[Round "6.26"]
[White "De Borba, Gabriel"]
[Black "Gomes, Carlos Henrique Cald"]
[Result "1-0"]
[WhiteElo "1864"]
[BlackElo "1835"]
[PlyCount "83"]
[EventDate "2016.05.26"]

1. e4 c6 2. Nc3 d5 3. Nf3 Bg4 4. h3 Bxf3 5. Qxf3 dxe4 6. Nxe4 Nd7 7. d4 Ngf6 8.
Nxf6+ Nxf6 9. c3 e6 10. Bd3 Be7 11. O-O Qd5 12. Qe2 O-O 13. Re1 c5 14. Bc4 Qc6
15. dxc5 Bxc5 16. Bg5 Nd5 17. Rad1 a6 18. Bxd5 exd5 19. Qd2 h6 20. Bh4 Rfe8 21.
Rxe8+ Rxe8 22. Qxd5 Re1+ 23. Kh2 Re2 24. Qd8+ Kh7 25. Rd2 Rxd2 26. Qxd2 Qa4 27.
b4 Bb6 28. Bg3 Qc6 29. Qd3+ Kg8 30. c4 Bc7 31. c5 Bxg3+ 32. Qxg3 Qd5 33. a3 a5
34. bxa5 Qxc5 35. Qb8+ Kh7 36. Qxb7 Qxa5 37. Qb4 Qe5+ 38. g3 g5 39. a4 h5 40.
h4 gxh4 41. Qxh4 Kh6 42. Qf4+ 1-0

[Event "Campeonato Brasileiro Amador 2016 U2000"]
[Site "Esporte Clube Pinheiros"]
[Date "2016.05.28"]
[Round "6.27"]
[White "Vieira, Alexandre Letizio"]
[Black "Reis, Virginia Lagrange M"]
[Result "1-0"]
[WhiteElo "1859"]
[BlackElo "1776"]
[PlyCount "101"]
[EventDate "2016.05.26"]

1. d4 Nf6 2. Nf3 c5 3. c3 e6 4. Bf4 d5 5. e3 Nh5 6. Bxb8 Rxb8 7. Bb5+ Ke7 8.
dxc5 Nf6 9. Ne5 Qc7 10. Nd3 Bd7 11. Bxd7 Nxd7 12. b4 g6 13. O-O Bg7 14. Qb3 h5
15. Na3 a6 16. Rac1 Ne5 17. Nxe5 Bxe5 18. f4 Bg7 19. c4 d4 20. exd4 Bxd4+ 21.
Kh1 Rhd8 22. Nc2 Bg7 23. Qe3 Bh6 24. Rce1 Rd7 25. Nd4 Kf8 26. Qe4 Bg7 27. Nf3
Bc3 28. Rb1 Rbd8 29. Ng5 Kg8 30. Nf3 Rd3 31. h3 Qd7 32. Kh2 Qc7 33. Rb3 Qd7 34.
Rf2 f5 35. Qe2 Qe7 36. a4 e5 37. Qc2 e4 38. Rxc3 Rxc3 39. Qxc3 exf3 40. Rxf3
Qe2 41. Qf6 Rd7 42. Rg3 Rg7 43. Rxg6 Rxg6 44. Qxg6+ Kh8 45. Qxf5 Qxc4 46. Qxh5+
Kg8 47. Qg5+ Kf7 48. b5 axb5 49. axb5 Qxb5 50. h4 Qc4 51. h5 1-0

[Event "Campeonato Brasileiro Amador 2016 U2000"]
[Site "Esporte Clube Pinheiros"]
[Date "2016.05.28"]
[Round "6.28"]
[White "Martinez, Marcio Eduardo"]
[Black "Lima, Eduardo Augusto Fabr"]
[Result "0-1"]
[WhiteElo "1779"]
[BlackElo "1957"]
[PlyCount "128"]
[EventDate "2016.05.26"]

1. d4 e6 2. c4 Nf6 3. Nc3 Bb4 4. e3 O-O 5. a3 Bxc3+ 6. bxc3 c5 7. Nf3 b6 8. Be2
Bb7 9. O-O Ne4 10. Qc2 d6 11. Nd2 Nxd2 12. Bxd2 f5 13. Bf3 Bxf3 14. gxf3 Nc6
15. Kh1 Qh4 16. f4 Rf6 17. f3 Na5 18. Be1 Qh3 19. Qe2 Rg6 20. Rg1 Rxg1+ 21.
Kxg1 Rf8 22. dxc5 bxc5 23. Rb1 Qh5 24. Bg3 Qf7 25. Rb5 Qc7 26. e4 a6 27. Rb1
Rb8 28. Rxb8+ Qxb8 29. exf5 Qb1+ 30. Kf2 Qxf5 31. Qe4 Qxe4 32. fxe4 Nxc4 33.
Bh4 Kf7 34. a4 Ke8 35. Ke2 Nb2 36. a5 Nc4 37. Kd3 Nxa5 38. c4 Nc6 39. Be1 Kd7
40. Bd2 Nb4+ 41. Kc3 g6 42. Be1 Kc6 43. Bd2 Kb6 44. Be1 a5 45. Kb3 Nd3 46. Bd2
Nf2 47. e5 dxe5 48. fxe5 Nd3 49. Bc3 g5 50. Ka4 Kc6 51. Kxa5 h5 52. Bd2 Nxe5
53. Bxg5 Nxc4+ 54. Ka4 Kd5 55. Kb3 e5 56. Kc3 e4 57. Bf4 Ne5 58. Bc1 Ke6 59.
Be3 Kd5 60. Bc1 Nf3 61. Bf4 c4 62. h3 Ng1 63. h4 Nf3 64. Bg3 e3 0-1

[Event "Campeonato Brasileiro Amador 2016 U2000"]
[Site "Esporte Clube Pinheiros"]
[Date "2016.05.28"]
[Round "6.29"]
[White "Passos Coutinho, Eduardo"]
[Black "Zeituni, Carlos Alberto"]
[Result "1-0"]
[WhiteElo "1790"]
[BlackElo "1829"]
[PlyCount "41"]
[EventDate "2016.05.26"]

1. c4 e5 2. Nc3 Nf6 3. g3 Bc5 4. Bg2 d6 5. e3 c6 6. Nge2 Be6 7. d4 exd4 8. exd4
Bb4 9. Qb3 Bxc3+ 10. Nxc3 Qe7 11. O-O O-O 12. Bg5 h6 13. Bxf6 Qxf6 14. Qxb7 Nd7
15. Qxc6 Rfc8 16. Qxd6 Rab8 17. b3 Rb6 18. Qf4 Qxf4 19. gxf4 Bf5 20. Rfe1 Rg6
21. Nd5 1-0

[Event "Campeonato Brasileiro Amador 2016 U2000"]
[Site "Esporte Clube Pinheiros"]
[Date "2016.05.28"]
[Round "6.30"]
[White "Sato, Claudio Takeshi"]
[Black "Gomes, Marco Tulio Caldeir"]
[Result "0-1"]
[WhiteElo "1464"]
[BlackElo "1821"]
[PlyCount "78"]
[EventDate "2016.05.26"]

1. e4 c5 2. Nf3 d6 3. Nc3 Nf6 4. g3 Nc6 5. Bg2 g6 6. O-O Bg7 7. d3 O-O 8. Re1
e6 9. Bf4 e5 10. Bg5 h6 11. Bd2 Be6 12. a3 a5 13. h3 Rb8 14. Nb5 Nd4 15. Nfxd4
cxd4 16. b4 a4 17. c4 dxc3 18. Nxc3 Bb3 19. Qe2 Qd7 20. Rac1 Rbc8 21. Qe3 b5
22. Ne2 Rfd8 23. d4 d5 24. Rxc8 Rxc8 25. f3 exd4 26. Nxd4 dxe4 27. Nxb3 axb3
28. Kh2 exf3 29. Bxf3 Rc2 30. Rd1 b2 31. Kh1 Qxh3+ 32. Kg1 Qxg3+ 33. Kf1 Ng4
34. Bxg4 Qxg4 35. Ke1 Bd4 36. Qb3 Qg1+ 37. Ke2 Qg4+ 38. Ke1 Qe4+ 39. Kf1 Rxd2
0-1

[Event "Campeonato Brasileiro Amador 2016 U2000"]
[Site "Esporte Clube Pinheiros"]
[Date "2016.05.28"]
[Round "6.32"]
[White "Jenidarchiche, Douglas Rodrigo"]
[Black "Lisboa Torres, Eduardo"]
[Result "1-0"]
[WhiteElo "1792"]
[BlackElo "1925"]
[PlyCount "51"]
[EventDate "2016.05.26"]

1. e4 c5 2. Nc3 Nc6 3. f4 d6 4. Nf3 g6 5. g3 Bg7 6. Bg2 e5 7. d3 Nge7 8. Be3
Nd4 9. h3 Be6 10. Ng5 Bd7 11. O-O h6 12. Nf3 exf4 13. Bxf4 Be6 14. Kh2 Qd7 15.
a4 O-O-O 16. Nxd4 Bxd4 17. Nb5 Be5 18. Bxe5 dxe5 19. Nxa7+ Kb8 20. Nb5 h5 21.
Qd2 h4 22. g4 c4 23. Qe3 Nc6 24. Rfd1 Qe7 25. Qb6 cxd3 26. cxd3 1-0

[Event "Campeonato Brasileiro Amador 2016 U2000"]
[Site "Esporte Clube Pinheiros"]
[Date "2016.05.28"]
[Round "6.33"]
[White "Weise, William Ferreira"]
[Black "Campos, Westerley Batista"]
[Result "1/2-1/2"]
[WhiteElo "1860"]
[BlackElo "1744"]
[PlyCount "38"]
[EventDate "2016.05.26"]

1. d4 d5 2. Nf3 Nf6 3. e3 Bf5 4. c4 c6 5. Nc3 e6 6. Nh4 Bg4 7. Qb3 Qb6 8. h3
Bh5 9. g4 Bg6 10. Nxg6 hxg6 11. Bg2 Na6 12. Bd2 Qxb3 13. axb3 Bd6 14. O-O Nxg4
15. hxg4 Bh2+ 16. Kh1 Bd6+ 17. Kg1 Bh2+ 18. Kh1 Bd6+ 19. Kg1 Bh2+ 1/2-1/2

[Event "Campeonato Brasileiro Amador 2016 U2000"]
[Site "Esporte Clube Pinheiros"]
[Date "2016.05.29"]
[Round "7.1"]
[White "Milanez, Eduardo Medeiros"]
[Black "Pritsopoulos, Constantino"]
[Result "1/2-1/2"]
[WhiteElo "1885"]
[BlackElo "1954"]
[PlyCount "72"]
[EventDate "2016.05.26"]

1. c4 b6 2. Nf3 Bb7 3. d4 Nf6 4. Bf4 e6 5. Nc3 Bb4 6. a3 Bxc3+ 7. bxc3 O-O 8.
e3 d6 9. Bd3 Nbd7 10. O-O Qe7 11. Nd2 h6 12. e4 e5 13. Bg3 Rfe8 14. Re1 Nh7 15.
Qe2 Nhf8 16. a4 Qf6 17. Qf3 Qg5 18. Nb3 a5 19. h4 Qg6 20. Nd2 Nf6 21. Qf5 Bc8
22. Qxg6 Nxg6 23. f3 Nh5 24. Bf2 Nhf4 25. Bc2 Ba6 26. Rab1 Rad8 27. Kh2 Bc8 28.
g3 Nh5 29. Kg2 Nf6 30. Nf1 Ba6 31. Ne3 Ne7 32. Red1 exd4 33. cxd4 Nd7 34. Be1
Nc6 35. Bc3 f6 36. Kf2 Ne7 1/2-1/2

[Event "Campeonato Brasileiro Amador 2016 U2000"]
[Site "Esporte Clube Pinheiros"]
[Date "2016.05.29"]
[Round "7.2"]
[White "Hirota Da Silva, Nilton"]
[Black "Rodrigo Da Silva, Edson"]
[Result "1/2-1/2"]
[WhiteElo "1946"]
[BlackElo "1946"]
[PlyCount "80"]
[EventDate "2016.05.26"]

1. d4 d5 2. e3 Nf6 3. f4 c5 4. Nf3 Nc6 5. c3 e6 6. Bd3 Be7 7. O-O Bd7 8. Ne5
O-O 9. Nd2 Rc8 10. Ndf3 Ne4 11. Nxd7 Qxd7 12. Bd2 cxd4 13. exd4 Qc7 14. Be3 Na5
15. Qe2 Nc4 16. Bxc4 Qxc4 17. Qxc4 dxc4 18. Rae1 Nf6 19. Bc1 Nd5 20. Ne5 b5 21.
a3 Rfd8 22. Ng4 h5 23. Ne3 g6 24. Nxd5 Rxd5 25. g3 a5 26. h3 Kg7 27. Kg2 b4 28.
axb4 axb4 29. g4 hxg4 30. hxg4 Bd6 31. Bd2 b3 32. Ra1 Bf8 33. Ra7 Bd6 34. Re1
Bb8 35. Ra4 Rdd8 36. Rh1 Rh8 37. Rxh8 Kxh8 38. Kf3 Bd6 39. g5 Kg7 40. Ke4 Rh8
1/2-1/2

[Event "Campeonato Brasileiro Amador 2016 U2000"]
[Site "Esporte Clube Pinheiros"]
[Date "2016.05.29"]
[Round "7.3"]
[White "Rapouso, Ricardo Luis Borba"]
[Black "Ferreira Jr, Walter"]
[Result "1-0"]
[WhiteElo "1937"]
[BlackElo "1954"]
[PlyCount "29"]
[EventDate "2016.05.26"]

1. d4 d5 2. c4 dxc4 3. Nc3 a6 4. a4 Nf6 5. e3 e6 6. Bxc4 c5 7. Nf3 cxd4 8. exd4
Be7 9. O-O O-O 10. Re1 Nc6 11. Bg5 b6 12. Qe2 Re8 13. Rad1 Bd7 14. Ne5 Nd5 15.
Bxd5 1-0